000 00672nam a2200241Ia 4500
005 20260430150604.0
008 008 250103s9999 xx 000 0 eng d
037 _aTheses
040 _aCRL
040 _beng
040 _ceng
041 _2eng
041 _aeng
084 _qCRL
100 _aAnuj Au.; Suresh Kumar Gu.
_91237936
245 0 _aNuclear Structure Studies of Transitional Nuclei in the Mass A~85Region: Yrast and Non-Yrast Phenomena
260 _c2024
300 _a172p.
650 _aPhysics
700 _aUniversity of Delhi. Faculty of Science. Deptt. of Physics & Astrophysics
_91237110
942 _cTH
999 _c1850151
_d1850151